[Event "SR 1. liga zapad 2010/2011"]
[Site "?"]
[Date "2011.02.13"]
[Round "7.1"]
[White "Miklas, Marian"]
[Black "Orgon, Dusan"]
[Result "1-0"]
[WhiteElo "2139"]
[BlackElo "2086"]
[PlyCount "95"]
[EventDate "2010.??.??"]

1. Nf3 d5 2. c4 c6 3. g3 e6 4. Bg2 Nd7 5. O-O dxc4 6. Qc2 Nb6 7. Na3 Nf6 8.
Nxc4 Nxc4 9. Qxc4 Qd5 10. Qc3 Qb5 11. Nd4 Qb6 12. Nxc6 Nd5 13. Bxd5 exd5 14.
Qe5+ Be6 15. Nd4 Bd6 16. Qxg7 O-O-O 17. Nxe6 fxe6 18. d3 Rhg8 19. Qc3+ Kb8 20.
Be3 Qb5 21. Rac1 Rd7 22. Qd4 b6 23. Bf4 Kb7 24. Bxd6 Rxd6 25. Rc2 Qe8 26. Rfc1
Rd7 27. Qa4 Qf7 28. b4 Rf8 29. b5 Qg8 30. Rc6 e5 31. Qc2 Qf7 32. Rc8 Qxf2+ 33.
Kh1 Qf1+ 34. Rxf1 Rxc8 35. Qb2 d4 36. Rc1 Rdc7 37. Rxc7+ Rxc7 38. Kg2 a6 39.
bxa6+ Kxa6 40. Kf3 Rc5 41. Ke4 h5 42. Qa3+ Ra5 43. Qxa5+ bxa5 44. Kxe5 Kb5 45.
Kxd4 Kb4 46. e4 a4 47. e5 Ka3 48. e6 1-0

[Event "SR 1. liga zapad 2010/2011"]
[Site "?"]
[Date "2011.02.13"]
[Round "7.1"]
[White "Nicolini, Alexander"]
[Black "Veres, Andrej"]
[Result "1-0"]
[WhiteElo "2152"]
[BlackElo "2168"]
[PlyCount "81"]
[EventDate "2010.??.??"]

1. e4 c5 2. Nf3 g6 3. c3 d5 4. exd5 Qxd5 5. d4 Bg7 6. Be2 Nf6 7. O-O O-O 8. h3
Bf5 9. Be3 cxd4 10. Nxd4 Be4 11. c4 Qd7 12. Nc3 Nc6 13. Nxe4 Nxe4 14. Nxc6 Qxc6
15. Qc2 Nd6 16. Bd3 f5 17. f4 e5 18. Rad1 Nf7 19. b4 exf4 20. b5 Qc7 21. Bxf4
Qc5+ 22. Kh1 a6 23. a4 axb5 24. axb5 Ra3 25. Rfe1 Bd4 26. Bf1 Raa8 27. Re6 Rad8
28. Be2 Qc8 29. Re7 g5 30. Rc7 Qe6 31. Bc1 Rfe8 32. Bf3 Qe1+ 33. Rxe1 Rxe1+ 34.
Kh2 Be5+ 35. g3 Bxc7 36. Bd5 Re5 37. Bb2 Rdxd5 38. cxd5 Re7 39. Bf6 Rd7 40.
Qxf5 Rd6 41. Be7 1-0

[Event "SR 1. liga zapad 2010/2011"]
[Site "?"]
[Date "2011.02.13"]
[Round "7.1"]
[White "Petrik, Tomas"]
[Black "Vojtek, Vladimir"]
[Result "1-0"]
[WhiteElo "2536"]
[BlackElo "2295"]
[PlyCount "105"]
[EventDate "2010.??.??"]

1. d4 Nf6 2. c4 e6 3. g3 Bb4+ 4. Nd2 d5 5. Bg2 O-O 6. Ngf3 dxc4 7. Qc2 a5 8.
O-O b6 9. Ne5 Ra7 10. Ndxc4 Bb7 11. Bxb7 Rxb7 12. Rd1 Be7 13. e4 Nfd7 14. Bf4
Bg5 15. Bxg5 Qxg5 16. Rac1 Qe7 17. Nf3 Rd8 18. d5 Nc5 19. Nxa5 bxa5 20. Qxc5
Qxc5 21. Rxc5 Rxb2 22. Rxa5 f6 23. Rc1 exd5 24. exd5 Rb7 25. Nd4 Nd7 26. Ne6
Rc8 27. a4 Kf7 28. Nc5 Nxc5 29. Raxc5 Ke7 30. Rc6 Rg8 31. Rxc7+ Rxc7 32. Rxc7+
Kd6 33. Rb7 Kxd5 34. a5 g5 35. a6 Rc8 36. Rxh7 Rc1+ 37. Kg2 Ra1 38. a7 g4 39.
h3 gxh3+ 40. Kxh3 Ke5 41. Kg4 Ra4+ 42. f4+ Ke6 43. Rb7 Ra3 44. f5+ Kd5 45. Rf7
Ra4+ 46. Kh5 Ke5 47. g4 Kf4 48. Rb7 Ra6 49. Kg6 Kxg4 50. Rb4+ Kg3 51. a8=Q Rxa8
52. Kxf6 Ra6+ 53. Kg7 1-0

[Event "SR 1. liga zapad 2010/2011"]
[Site "?"]
[Date "2011.02.13"]
[Round "7.1"]
[White "Srvatka, Igor"]
[Black "Lanc, Alois"]
[Result "1-0"]
[WhiteElo "2205"]
[BlackElo "2399"]
[PlyCount "75"]
[EventDate "2010.??.??"]

1. d4 c5 2. d5 e5 3. e4 d6 4. Nc3 Na6 5. a4 Nc7 6. h3 Ne7 7. Nf3 Ng6 8. g3 Be7
9. Bg2 O-O 10. O-O b6 11. Ne1 Rb8 12. Nd3 a6 13. b4 f5 14. exf5 Bxf5 15. Rb1
Ne8 16. b5 axb5 17. Nxb5 Ra8 18. Nb2 Nc7 19. Nc4 Rxa4 20. Nxb6 Rb4 21. Rxb4
cxb4 22. Qe2 Na8 23. Nc4 Qb8 24. Na5 Qb6 25. Nc6 Qa6 26. Nxb4 Qa4 27. Nc6 Qa6
28. c4 Re8 29. Ba3 Bf8 30. Bxd6 Qa4 31. Rc1 Bxd6 32. Nxd6 Qa3 33. Nxe8 Qxc1+
34. Kh2 Qc3 35. Nd6 Bd7 36. Qa2 Bxc6 37. dxc6 Nb6 38. c5+ 1-0

[Event "SR 1. liga zapad 2010/2011"]
[Site "?"]
[Date "2011.02.13"]
[Round "7.1"]
[White "Sukuba, Zdeno"]
[Black "Szitkey, Milan"]
[Result "1/2-1/2"]
[WhiteElo "2098"]
[BlackElo "2152"]
[PlyCount "29"]
[EventDate "2010.??.??"]

1. Nf3 Nf6 2. d4 d5 3. Bg5 e6 4. e3 Nbd7 5. Bd3 Be7 6. Nbd2 O-O 7. Qe2 c5 8. c3
Re8 9. O-O Nf8 10. Ne5 N6d7 11. Bxe7 Rxe7 12. f4 Qb6 13. Rab1 f6 14. Nxd7 Bxd7
15. Qf2 1/2-1/2

[Event "SR 1. liga zapad 2010/2011"]
[Site "?"]
[Date "2011.02.13"]
[Round "7.2"]
[White "Bury, Rastislav"]
[Black "Kaniansky, Miroslav"]
[Result "1/2-1/2"]
[WhiteElo "2183"]
[BlackElo "2185"]
[PlyCount "87"]
[EventDate "2010.??.??"]

1. d4 d5 2. Nf3 Nf6 3. g3 g6 4. Bg2 Bg7 5. O-O O-O 6. Nbd2 Nbd7 7. c4 c5 8.
cxd5 Nxd5 9. Nb3 cxd4 10. Nfxd4 N7f6 11. e4 Nc7 12. Qd2 Ne6 13. Rd1 Qc7 14. Nb5
Qc4 15. Na3 Qa4 16. Qe2 Bd7 17. Be3 Bc6 18. Nc5 Nxc5 19. Bxc5 Rfe8 20. Rac1 Nd7
21. Be3 Red8 22. Qd2 Nf8 23. Qe2 Rxd1+ 24. Rxd1 Bxb2 25. Nc4 Bg7 26. Rc1 Bb5
27. Bf1 Rd8 28. Qc2 Qxc2 29. Rxc2 b6 30. Be2 Ne6 31. Kg2 Rc8 32. Bd3 Nd4 33.
Rc1 Rd8 34. Bf1 f5 35. exf5 Nxf5 36. Bf4 Rc8 37. h4 e5 38. Bg5 h6 39. Bd2 Rd8
40. Bb4 Bc6+ 41. Kh2 Bb5 42. Kg2 Rd4 43. Ba3 Rd8 44. Bb4 1/2-1/2

[Event "SR 1. liga zapad 2010/2011"]
[Site "?"]
[Date "2011.02.13"]
[Round "7.2"]
[White "Cajka, Tibor"]
[Black "Reisel, Frantisek"]
[Result "1-0"]
[WhiteElo "2104"]
[BlackElo "2079"]
[PlyCount "47"]
[EventDate "2010.??.??"]

1. e4 c6 2. d4 d5 3. e5 Bf5 4. Nc3 e6 5. g4 Bg6 6. Nge2 Nd7 7. h4 h6 8. Nf4 Bh7
9. Be3 a6 10. Bd3 Bxd3 11. Qxd3 c5 12. Ncxd5 exd5 13. e6 Ndf6 14. exf7+ Kxf7
15. Qg6+ Ke7 16. Qf5 Ke8 17. Qg6+ Kd7 18. Qf5+ Kc6 19. Ng6 cxd4 20. Bxd4 Rh7
21. c4 dxc4 22. O-O-O Ne7 23. Qf3+ Kb5 24. Qxb7+ 1-0

[Event "SR 1. liga zapad 2010/2011"]
[Site "?"]
[Date "2011.02.13"]
[Round "7.2"]
[White "Csiba, Dominik"]
[Black "Meszaros, Michal"]
[Result "1/2-1/2"]
[WhiteElo "2378"]
[BlackElo "2409"]
[PlyCount "138"]
[EventDate "2010.??.??"]

1. e4 c5 2. Nf3 e6 3. d4 cxd4 4. Nxd4 a6 5. c4 Qc7 6. Nc3 b6 7. Be3 Bb7 8. Be2
Nf6 9. f3 Nc6 10. Nb3 d6 11. O-O Be7 12. Rc1 Ne5 13. Qd2 O-O 14. Rfd1 Ned7 15.
a4 Rab8 16. Ra1 Ba8 17. Bf1 Rfe8 18. Qf2 Ne5 19. Rdc1 Nxc4 20. Nd1 d5 21. Nd2
Qb7 22. Bxc4 dxc4 23. Nxc4 Nd7 24. a5 b5 25. Nb6 Nxb6 26. Bxb6 Rbc8 27. Ne3 Bg5
28. Rd1 Bd8 29. Rd6 Bc7 30. Bxc7 Rxc7 31. Rad1 Rc6 32. Qd2 h5 33. Nc2 Qb8 34.
Nb4 Qa7+ 35. Qf2 Rxd6 36. Rxd6 Qc7 37. Qd2 Qxa5 38. Rxa6 Qc7 39. Qc3 Qd7 40.
Qd3 Qc7 41. Qc3 Qd7 42. Nd3 Rd8 43. Nc5 Qd1+ 44. Kf2 h4 45. Nb3 b4 46. Qc4 Bb7
47. Ra1 Qd6 48. Kg1 Rc8 49. Qb5 Rc2 50. Qe8+ Qf8 51. Qd7 Rxb2 52. Qxb7 Qd6 53.
Qc8+ Kh7 54. Qc5 Qd8 55. Qd4 Qxd4+ 56. Nxd4 Rd2 57. Nb3 Rb2 58. Na5 b3 59. Nc4
Rc2 60. Ne3 Re2 61. Nc4 Rc2 62. Na3 Rc3 63. Re1 b2 64. Nb1 Rc2 65. h3 g5 66.
Kf1 Kg6 67. Re2 Rc1+ 68. Re1 Rc2 69. Re2 Rc1+ 1/2-1/2

[Event "SR 1. liga zapad 2010/2011"]
[Site "?"]
[Date "2011.02.13"]
[Round "7.2"]
[White "Garban, Mario"]
[Black "Pericka, Tomas"]
[Result "1-0"]
[WhiteElo "1931"]
[BlackElo "1966"]
[PlyCount "119"]
[EventDate "2010.??.??"]

1. e4 c5 2. Nf3 Nc6 3. c3 d5 4. exd5 Qxd5 5. d4 Bg4 6. Be2 O-O-O 7. Qb3 Nf6 8.
Qxd5 Nxd5 9. Ng5 Bxe2 10. Kxe2 Rd6 11. Nxf7 Re6+ 12. Kd1 Rg8 13. c4 Ndb4 14.
Ng5 Rd6 15. d5 Nd4 16. Nc3 Rg6 17. Rg1 Nd3 18. Nce4 e6 19. d6 Kd7 20. Rb1 Bxd6
21. Be3 Ne5 22. Nxd6 Kxd6 23. Ne4+ Kc6 24. Bxd4 cxd4 25. Ke2 Nxc4 26. Rbc1 Kd5
27. b3 Kxe4 28. Rxc4 e5 29. f3+ Kd5 30. Kd3 Rc6 31. Re1 Rgc8 32. f4 exf4 33.
Rxd4+ Kc5 34. Rc1+ Kb6 35. Rxc6+ Rxc6 36. Rxf4 Rd6+ 37. Kc3 Rg6 38. g3 Rh6 39.
h4 Re6 40. Kd3 Kc6 41. Kd4 Kd6 42. Rf7 Rg6 43. Rxb7 Rxg3 44. Rxa7 Rg4+ 45. Kc3
h5 46. a4 g6 47. Ra6+ Kc5 48. b4+ Kd5 49. Ra5+ Kd6 50. Rc5 Rxh4 51. Rg5 Rh1 52.
Rxg6+ Kc7 53. Kc4 h4 54. Rh6 h3 55. Kb5 h2 56. Rh7+ Kd6 57. a5 Kd5 58. a6 Kd6
59. a7 Ra1 60. Kb6 1-0

[Event "SR 1. liga zapad 2010/2011"]
[Site "?"]
[Date "2011.02.13"]
[Round "7.2"]
[White "Hanko, Pavol"]
[Black "Polasek, Filip"]
[Result "1-0"]
[WhiteElo "2179"]
[BlackElo "2104"]
[PlyCount "49"]
[EventDate "2010.??.??"]

1. d4 d5 2. Nf3 e6 3. c4 Nf6 4. Bg5 Be7 5. e3 Nbd7 6. Nc3 O-O 7. Rc1 b6 8. cxd5
exd5 9. Bd3 Bb7 10. O-O Ne4 11. Bf4 Ndf6 12. Bxc7 Qxc7 13. Nxe4 Qxc1 14. Nxf6+
Bxf6 15. Qxc1 Rac8 16. Qd2 Rc7 17. Rc1 Rxc1+ 18. Qxc1 Rc8 19. Qd2 h6 20. h3 Rc7
21. a4 a6 22. Ne5 Be7 23. Qe2 g5 24. Qh5 Bd6 25. g3 1-0

[Event "SR 1. liga zapad 2010/2011"]
[Site "?"]
[Date "2011.02.13"]
[Round "7.2"]
[White "Helbich, Jan"]
[Black "Gasa, Andrej"]
[Result "1/2-1/2"]
[WhiteElo "2222"]
[BlackElo "2256"]
[PlyCount "60"]
[EventDate "2010.??.??"]

1. e4 c5 2. Nf3 g6 3. c4 Bg7 4. d4 cxd4 5. Nxd4 Nc6 6. Be3 Nf6 7. Nc3 Ng4 8.
Qxg4 Nxd4 9. Qd1 Ne6 10. Rc1 b6 11. Bd3 Bb7 12. O-O O-O 13. Qd2 Qc7 14. f4 Nc5
15. Nd5 Qd8 16. b4 Nxd3 17. Qxd3 d6 18. f5 Rc8 19. Bg5 Bxd5 20. cxd5 Qd7 21. b5
Rc5 22. Rxc5 bxc5 23. a4 Bd4+ 24. Be3 Be5 25. Bf4 Bf6 26. Bd2 Rc8 27. Qc4 Bd4+
28. Kh1 Re8 29. Bc3 Bxc3 30. Qxc3 a6 1/2-1/2

[Event "SR 1. liga zapad 2010/2011"]
[Site "?"]
[Date "2011.02.13"]
[Round "7.2"]
[White "Likavsky, Tomas"]
[Black "Michalik, Peter"]
[Result "0-1"]
[WhiteElo "2466"]
[BlackElo "2471"]
[PlyCount "116"]
[EventDate "2010.??.??"]

1. d4 d5 2. c4 c6 3. Nf3 Nf6 4. e3 Bf5 5. Nc3 e6 6. Nh4 Bg6 7. Nxg6 hxg6 8. Qb3
Qc7 9. Bd2 Nbd7 10. h3 g5 11. cxd5 exd5 12. O-O-O g4 13. g3 Bd6 14. Kb1 Nb6 15.
Rc1 Qd7 16. h4 Qf5+ 17. Qc2 Qxf2 18. Be2 Bb4 19. Rcf1 Qxg3 20. e4 Bxc3 21. Bf4
Qg2 22. bxc3 g3 23. Rhg1 Qh3 24. Rxg3 Qxh4 25. Rxg7 Nxe4 26. Rxf7 Rh7 27. Rf8+
Kd7 28. Rxa8 Nxa8 29. Be5 Nb6 30. Ka1 Qh3 31. Rc1 Qg2 32. Qd1 Nxc3 33. Qd3 Ne4
34. Bf3 Qd2 35. Qa3 Ke8 36. Bxe4 dxe4 37. Rg1 Nc4 38. Qb3 Qd3 39. Qb4 b5 40.
Rc1 Nxe5 41. dxe5 Qd5 42. Qb2 Re7 43. Kb1 e3 44. e6 Qf5+ 45. Ka1 Rxe6 46. Qh8+
Ke7 47. Qa8 Qe5+ 48. Kb1 Qe4+ 49. Kb2 Qb4+ 50. Kc2 Qc4+ 51. Kb1 Qd4 52. Rg1 e2
53. Qb7+ Qd7 54. Rg7+ Kf6 55. Qxd7 e1=Q+ 56. Kb2 Re2+ 57. Kb3 Qb1+ 58. Kc3 Qc1+
0-1

[Event "SR 1. liga zapad 2010/2011"]
[Site "?"]
[Date "2011.02.13"]
[Round "7.2"]
[White "Pagerka, Martin"]
[Black "Dobrotka, Martin"]
[Result "1/2-1/2"]
[WhiteElo "2260"]
[BlackElo "2238"]
[PlyCount "62"]
[EventDate "2010.??.??"]

1. e4 e6 2. d4 d5 3. Nc3 Nf6 4. e5 Nfd7 5. f4 c5 6. Nf3 Nc6 7. Be3 cxd4 8. Nxd4
Bc5 9. Qd2 Nxd4 10. Bxd4 Bxd4 11. Qxd4 Qb6 12. O-O-O Qxd4 13. Rxd4 a6 14. a4
Nb8 15. Rd2 Nc6 16. Ne2 Bd7 17. b3 Ke7 18. Kb2 Rad8 19. Nd4 f6 20. exf6+ gxf6
21. Nf3 Be8 22. g3 Bg6 23. Bh3 Be4 24. Rf1 Rd6 25. c3 Rf8 26. Nd4 Nxd4 27. cxd4
Rc6 28. Rc1 Rfc8 29. Rxc6 Rxc6 30. Bg4 Kd6 31. Bd1 f5 1/2-1/2

[Event "SR 1. liga zapad 2010/2011"]
[Site "?"]
[Date "2011.02.13"]
[Round "7.3"]
[White "Balogh, Peter"]
[Black "Martiska, Peter"]
[Result "1/2-1/2"]
[WhiteElo "2281"]
[BlackElo "2249"]
[PlyCount "52"]
[EventDate "2010.??.??"]

1. d4 Nf6 2. c4 e6 3. Nf3 b6 4. g3 Bb7 5. Bg2 Be7 6. O-O d6 7. Nc3 Nbd7 8. Qc2
c5 9. e4 cxd4 10. Nxd4 Qc7 11. b3 a6 12. Bb2 Rc8 13. Rac1 h5 14. Rfe1 O-O 15.
Qe2 Rfe8 16. Rc2 Bf8 17. Bc1 g6 18. Bg5 Bg7 19. Qd2 Qb8 20. Rcc1 Qa8 21. f3 d5
22. exd5 exd5 23. cxd5 Bxd5 24. Nxd5 Qxd5 25. Rxe8+ Rxe8 26. Rd1 Nc5 1/2-1/2

[Event "SR 1. liga zapad 2010/2011"]
[Site "?"]
[Date "2011.02.13"]
[Round "7.3"]
[White "Brestak, Jan"]
[Black "Skreno, Vladimir"]
[Result "0-1"]
[WhiteElo "2149"]
[BlackElo "2160"]
[PlyCount "120"]
[EventDate "2010.??.??"]

1. e4 c5 2. Nf3 Nc6 3. Nc3 g6 4. Bb5 Bg7 5. O-O a6 6. Bxc6 dxc6 7. d3 e5 8. Bg5
Qc7 9. Qd2 Ne7 10. Bh6 O-O 11. h3 f6 12. Bxg7 Kxg7 13. Ne2 Be6 14. Qc3 b6 15.
Nh2 g5 16. Ng3 Ng6 17. Ng4 Nf4 18. Rfe1 Bxg4 19. hxg4 Rh8 20. Re3 Kg6 21. Kf1
Qd7 22. f3 h5 23. gxh5+ Nxh5 24. Nxh5 Rxh5 25. Rae1 Rh2 26. Qd2 Rah8 27. Qf2
Qd4 28. c3 Rh1+ 29. Ke2 Qa4 30. Kd2 Qxa2 31. Kc2 a5 32. Rxh1 Rxh1 33. Re1 Rxe1
34. Qxe1 a4 35. g4 b5 36. Qb1 Qb3+ 37. Kc1 a3 38. bxa3 Qxc3+ 39. Kd1 Qxa3 40.
Ke2 Qa7 41. Qb3 Qf7 42. Qc3 Qa2+ 43. Ke3 Qb1 44. Ke2 Qb4 45. Qa1 c4 46. d4 Qa4
47. Qc3 Qb3 48. Qa5 Qd3+ 49. Ke1 Qe3+ 50. Kd1 Qxf3+ 51. Kc1 Qe3+ 52. Kd1 Qxd4+
53. Kc1 Qg1+ 54. Kb2 Qxg4 55. Qd8 Qe2+ 56. Ka1 Qxe4 57. Qg8+ Kh5 58. Qh8+ Kg4
59. Qxf6 c3 60. Qe6+ Kg3 0-1

[Event "SR 1. liga zapad 2010/2011"]
[Site "?"]
[Date "2011.02.13"]
[Round "7.3"]
[White "Dlhy, Jozef"]
[Black "Marflak, Miroslav"]
[Result "1/2-1/2"]
[WhiteElo "2075"]
[BlackElo "2023"]
[PlyCount "94"]
[EventDate "2010.??.??"]

1. d4 Nf6 2. c4 e5 3. dxe5 Ng4 4. Bf4 Nc6 5. Nf3 Bb4+ 6. Nc3 Qe7 7. Qd5 Bxc3+
8. bxc3 Qa3 9. Qd2 Qc5 10. e3 Ngxe5 11. Nxe5 Nxe5 12. Qd4 Qxd4 13. cxd4 Ng6 14.
Bxc7 b6 15. Be2 Bb7 16. O-O Ke7 17. Bg3 d6 18. Rfc1 Rac8 19. Rc3 h5 20. f3 h4
21. Bf2 Rh5 22. Ra3 Ra8 23. Rb1 Bc6 24. Be1 Kd8 25. Kf2 Ne7 26. Bc3 f6 27. e4
Kc7 28. Rc1 Rhh8 29. c5 dxc5 30. dxc5 b5 31. Ba5+ Kb7 32. Rb3 a6 33. Rd1 Ng6
34. Ke3 Ne5 35. f4 Nd7 36. Rc1 Rhe8 37. Bd3 f5 38. e5 Nf6 39. g3 Ng4+ 40. Ke2
Nxh2 41. Bxf5 Rf8 42. Bb1 Ng4 43. gxh4 Rxf4 44. Rg3 Re8 45. Bc3 b4 46. Ba1 Nxe5
47. Bxe5 Rxe5+ 1/2-1/2

[Event "SR 1. liga zapad 2010/2011"]
[Site "?"]
[Date "2011.02.13"]
[Round "7.3"]
[White "Jancovic, Peter"]
[Black "Blaho, Stefan"]
[Result "0-1"]
[WhiteElo "2167"]
[BlackElo "2094"]
[PlyCount "242"]
[EventDate "2010.??.??"]

1. e4 c5 2. Nf3 d6 3. b3 e5 4. c3 Nf6 5. Qc2 Bg4 6. Be2 Nc6 7. Na3 Rc8 8. Nc4
Be7 9. a4 O-O 10. d3 h6 11. Ne3 Be6 12. O-O d5 13. exd5 Nxd5 14. Nc4 Bf6 15.
Bd2 Rc7 16. Rfe1 Rd7 17. Bf1 Qc7 18. Rac1 Rfd8 19. Be3 b6 20. h3 Nxc3 21. Qxc3
e4 22. Qd2 exf3 23. gxf3 Nd4 24. Bxd4 Bxd4 25. Ne3 Bxb3 26. a5 Qf4 27. axb6
axb6 28. Nc4 Qxf3 29. Bg2 Qf6 30. Qe2 b5 31. Nd2 Bd5 32. Ne4 Qg6 33. Qg4 Qxg4
34. hxg4 Rc7 35. Nc3 Bxg2 36. Nxb5 Rcc8 37. Kxg2 Bf6 38. Na7 Ra8 39. Nb5 Ra5
40. Rxc5 Bd4 41. Rf5 g6 42. Nxd4 gxf5 43. Nc6 Rad5 44. Nxd8 Rxd8 45. gxf5 Rxd3
46. Re5 Kg7 47. Ra5 Kf6 48. f3 Kg5 49. Kg3 f6 50. Rb5 Re3 51. Ra5 Rb3 52. Rc5
h5 53. Ra5 h4+ 54. Kf2 Rb2+ 55. Ke3 h3 56. Ra4 h2 57. Rg4+ Kxf5 58. Rh4 Kg5 59.
Rh8 f5 60. Rg8+ Kh4 61. Kf4 Kh3 62. Rg3+ Kh4 63. Rg8 Rb4+ 64. Kxf5 Kh3 65. f4
Rb5+ 66. Kg6 Rh5 67. Kxh5 h1=Q 68. Rf8 Qg1 69. Kh6 Kh4 70. Rf5 Qd4 71. Rf7 Qh8+
72. Kg6 Kg4 73. f5 Qg8+ 74. Kf6 Qd8+ 75. Kg7 Kg5 76. f6 Qe8 77. Re7 Qg6+ 78.
Kf8 Qxf6+ 79. Ke8 Qc6+ 80. Kd8 Kf6 81. Rf7+ Ke5 82. Re7+ Kf5 83. Rf7+ Kg6 84.
Rd7 Qc5 85. Rc7 Qb6 86. Kd7 Qb5+ 87. Rc6+ Kf5 88. Kd6 Qe5+ 89. Kd7 Qd5+ 90. Kc7
Ke5 91. Kb6 Qb3+ 92. Kc5 Qa4 93. Rb6 Qd4+ 94. Kc6 Qc4+ 95. Kd7 Qc5 96. Rc6 Qb5
97. Kc7 Kd5 98. Rd6+ Kc5 99. Re6 Qa5+ 100. Kd7 Qa7+ 101. Ke8 Qg7 102. Re7 Qg8+
103. Kd7 Kd5 104. Kc7 Qf8 105. Kd7 Qb8 106. Rf7 Qd6+ 107. Ke8 Qb8+ 108. Kd7
Qb7+ 109. Ke8 Qc8+ 110. Ke7 Ke5 111. Rg7 Qc7+ 112. Kf8 Qd8+ 113. Kf7 Kf5 114.
Rh7 Qd7+ 115. Kg8 Qe8+ 116. Kg7 Kg5 117. Rh1 Qd7+ 118. Kf8 Qd6+ 119. Kg7 Qe5+
120. Kf8 Qb8+ 121. Ke7 Qb7+ 0-1

[Event "SR 1. liga zapad 2010/2011"]
[Site "?"]
[Date "2011.02.13"]
[Round "7.3"]
[White "Kubica, Viktor"]
[Black "Zelovic, Marek"]
[Result "1/2-1/2"]
[WhiteElo "2015"]
[BlackElo "2032"]
[PlyCount "177"]
[EventDate "2010.??.??"]

1. b3 Nf6 2. Bb2 g6 3. c4 Bg7 4. Nf3 O-O 5. e3 c5 6. Qc2 d6 7. d4 Nc6 8. a3 e6
9. Be2 b6 10. O-O Bb7 11. Nbd2 Qc7 12. Rac1 Rfd8 13. Bc3 e5 14. dxe5 dxe5 15.
Qb2 Re8 16. Rfd1 Qe7 17. Ng5 h6 18. Nge4 Nxe4 19. Nxe4 Rad8 20. Rxd8 Rxd8 21.
Rd1 Rxd1+ 22. Bxd1 f5 23. Ng3 Nd8 24. Qd2 Ne6 25. Bf3 Bxf3 26. gxf3 Qd8 27.
Qxd8+ Nxd8 28. Ne2 Ne6 29. Nc1 e4 30. Bxg7 Kxg7 31. fxe4 fxe4 32. Kg2 Kf6 33.
f3 Kf5 34. f4 g5 35. fxg5 Nxg5 36. Ne2 Nf3 37. Kg3 Nd2 38. Nc1 Nf1+ 39. Kf2
Nxh2 40. b4 Ng4+ 41. Ke2 Ne5 42. bxc5 bxc5 43. Nb3 Nxc4 44. a4 a5 45. Nxc5 h5
46. Kf2 h4 47. Nb3 Kg4 48. Nc5 Nb2 49. Nxe4 Nxa4 50. Nd2 Nc5 51. Nc4 a4 52. Kg2
Nd3 53. Kh2 Nb2 54. Na3 Nd1 55. e4 Kf4 56. Kh3 Kxe4 57. Kxh4 Kd4 58. Kg3 Kc3
59. Kf3 Kb2 60. Nc4+ Kb3 61. Nd2+ Kc3 62. Ke2 Kc2 63. Nc4 Nb2 64. Na3+ Kb3 65.
Nb1 Nc4 66. Kd3 Ne5+ 67. Kd2 Kb2 68. Nc3 a3 69. Na4+ Kb3 70. Nc3 Nc6 71. Kd3
Nb4+ 72. Kd2 Nd5 73. Ne2 Kb2 74. Nc1 Nb4 75. Kd1 Nc6 76. Kd2 Nb4 77. Kd1 Nd5
78. Kd2 Nb4 79. Kd1 Kc3 80. Ne2+ Kb2 81. Nc1 Na6 82. Kd2 Nc5 83. Kd1 Ne4 84.
Nd3+ Kc3 85. Nc1 Nf2+ 86. Ke2 Kb2 87. Kd2 Kb1 88. Kc3 Ne4+ 89. Kb3 1/2-1/2

[Event "SR 1. liga zapad 2010/2011"]
[Site "?"]
[Date "2011.02.13"]
[Round "7.3"]
[White "Maros, Milan"]
[Black "Horvath, Mario"]
[Result "1/2-1/2"]
[WhiteElo "2329"]
[BlackElo "2320"]
[PlyCount "62"]
[EventDate "2010.??.??"]

1. e4 c5 2. Nf3 d6 3. d4 cxd4 4. Nxd4 Nf6 5. Nc3 g6 6. Be3 Bg7 7. f3 O-O 8. Qd2
Nc6 9. O-O-O Nxd4 10. Bxd4 Be6 11. Kb1 Qc7 12. h4 Rfc8 13. h5 Qa5 14. hxg6 hxg6
15. a3 Bc4 16. Bxc4 Rxc4 17. Qc1 e6 18. g4 Rac8 19. g5 Rxd4 20. Rxd4 Nd7 21.
Rd3 Ne5 22. Rxd6 Nc4 23. Rd3 Nxa3+ 24. bxa3 Rxc3 25. Ka2 Qc7 26. Rxc3 Qxc3 27.
Rf1 Qc4+ 28. Kb1 Bc3 29. Rd1 Qb5+ 30. Ka2 Qc4+ 31. Kb1 Qb5+ 1/2-1/2

[Event "SR 1. liga zapad 2010/2011"]
[Site "?"]
[Date "2011.02.13"]
[Round "7.3"]
[White "Pinter, Patrik"]
[Black "Szeko, Ludovit"]
[Result "1-0"]
[WhiteElo "2189"]
[BlackElo "2078"]
[PlyCount "77"]
[EventDate "2010.??.??"]

1. e4 c5 2. Nf3 d6 3. d4 cxd4 4. Nxd4 Nf6 5. Nc3 a6 6. Be2 e6 7. a4 b6 8. f4
Qc7 9. O-O Bb7 10. Bf3 Nbd7 11. Nb3 Be7 12. Be3 O-O 13. g4 Rfd8 14. g5 Ne8 15.
Qe1 Nc5 16. Nd4 Bf8 17. Qh4 g6 18. Rf2 Bg7 19. Raf1 Qd7 20. f5 Nc7 21. f6 Bf8
22. Rg2 Nxa4 23. Nxa4 Qxa4 24. Rg3 d5 25. e5 Nb5 26. c3 Nxd4 27. Bxd4 a5 28.
Bd1 Qb5 29. Rf2 Bc6 30. Rh3 h6 31. gxh6 Kh7 32. Bc2 Ra7 33. Rg3 Be8 34. Bxg6+
fxg6 35. f7 Rxf7 36. Rxf7+ Bxf7 37. Qxd8 Qe8 38. Qf6 Qe7 39. Rf3 1-0

[Event "SR 1. liga zapad 2010/2011"]
[Site "?"]
[Date "2011.02.13"]
[Round "7.3"]
[White "Szucs, Vladimir"]
[Black "Gorusa, Miroslav"]
[Result "0-1"]
[WhiteElo "2130"]
[BlackElo "2136"]
[PlyCount "64"]
[EventDate "2010.??.??"]

1. Nf3 d5 2. d4 Nf6 3. c4 c6 4. cxd5 cxd5 5. Nc3 Nc6 6. Bf4 Nh5 7. Be5 f6 8.
Bg3 e6 9. e3 Nxg3 10. hxg3 Qb6 11. a3 Bd7 12. Bd3 O-O-O 13. Na4 Qc7 14. b4 Kb8
15. Rb1 e5 16. dxe5 Nxe5 17. Be2 Bxa4 18. Qxa4 Qc3+ 19. Kf1 Nxf3 20. gxf3 Bd6
21. Kg2 h5 22. f4 Qc7 23. Bxh5 d4 24. Rbc1 Qb6 25. exd4 g5 26. fxg5 fxg5 27.
Bf3 Rhf8 28. Rh7 Rxf3 29. Kxf3 Qxd4 30. Qc2 Qd5+ 31. Qe4 g4+ 32. Ke3 Bc5+ 0-1

[Event "SR 1. liga zapad 2010/2011"]
[Site "?"]
[Date "2011.02.13"]
[Round "7.5"]
[White "Bezuch, Martin"]
[Black "Janos, Martin"]
[Result "1-0"]
[WhiteElo "2198"]
[BlackElo "2246"]
[PlyCount "147"]
[EventDate "2010.??.??"]

1. g3 d5 2. Bg2 e5 3. d3 c6 4. Nd2 Bd6 5. c4 d4 6. Ngf3 Nf6 7. O-O O-O 8. b4
Bxb4 9. Nxe5 Re8 10. Nef3 Qe7 11. Re1 Na6 12. Rb1 Bf5 13. Qb3 Qd6 14. Bb2 Bg6
15. Qc2 c5 16. Nh4 Rab8 17. Nxg6 hxg6 18. Bf3 Nc7 19. a3 Ba5 20. Rf1 Ne6 21.
Nb3 Bc7 22. Bc1 b6 23. a4 Rbd8 24. a5 Kh7 25. Ra1 Rh8 26. Kg2 Kg8 27. axb6 axb6
28. Ra6 Nh5 29. Rh1 g5 30. Qa2 Nf6 31. h3 g6 32. Qa4 Kg7 33. Qc6 Qe7 34. Ra7
Rd6 35. Qa4 Qd8 36. Nd2 Bb8 37. Rb7 Nd7 38. Ne4 Ne5 39. Nxd6 Qxd6 40. Qa6 Nd7
41. Qb5 Rd8 42. Qc6 Kf6 43. Bd2 Ke7 44. Rb1 Bc7 45. Qxd6+ Kxd6 46. Bd5 Rc8 47.
Bxe6 fxe6 48. Ra7 Bd8 49. Rba1 e5 50. Ra8 Nb8 51. R1a7 Bc7 52. Bxg5 Kc6 53. Bf6
Re8 54. Kf3 Rf8 55. Kg4 Rxf6 56. f3 Re6 57. Kg5 Kd6 58. Rb7 Nc6 59. Rg8 Bd8+
60. Kh6 g5+ 61. Kh5 Bc7 62. Rxg5 Nd8 63. Ra7 Re7 64. h4 Ne6 65. Rg6 Kd7 66. Kg4
Re8 67. Kf5 Rf8+ 68. Rf6 Ng7+ 69. Kg6 Rxf6+ 70. Kxf6 Nh5+ 71. Kg6 Nxg3 72. h5
Nxe2 73. h6 Nf4+ 74. Kf5 1-0

[Event "SR 1. liga zapad 2010/2011"]
[Site "?"]
[Date "2011.02.13"]
[Round "7.5"]
[White "Janos, Jozef"]
[Black "Ac, Michal"]
[Result "0-1"]
[WhiteElo "2181"]
[BlackElo "2177"]
[PlyCount "170"]
[EventDate "2010.??.??"]

1. d4 Nf6 2. Nf3 g6 3. g3 Bg7 4. Bg2 O-O 5. O-O d6 6. c4 Nbd7 7. Nc3 e5 8. e4
c6 9. d5 cxd5 10. cxd5 Nc5 11. Ne1 a5 12. f3 b5 13. Be3 Bd7 14. Nd3 Nxd3 15.
Qxd3 Qb8 16. Rfc1 Rc8 17. Nd1 Qb7 18. Bf1 Ne8 19. Qd2 f5 20. Rxc8 Rxc8 21. Qxa5
Nf6 22. Nf2 fxe4 23. fxe4 Rc2 24. Qb4 Bh6 25. Qe1 Bxe3 26. Qxe3 Rxb2 27. Be2 b4
28. Nd3 Rc2 29. Nf2 Qc7 30. Bd3 Qc3 31. Rd1 Rxa2 32. Qb6 Qc5 33. Qxc5 dxc5 34.
Rc1 b3 35. Rb1 b2 36. Nd1 Ra3 37. Nxb2 Rb3 38. Kf2 Bb5 39. Bc2 Rc3 40. Bd1
Nxe4+ 41. Kg2 Nd6 42. Na4 Rc4 43. Nb6 Rd4 44. Rc1 Rd2+ 45. Kg1 h5 46. Ba4 Bxa4
47. Nxa4 c4 48. Nb6 Kf7 49. Nxc4 Nxc4 50. Rxc4 Rxd5 51. Rc2 Ke6 52. Kg2 Kf5 53.
Rf2+ Ke4 54. h4 Rd6 55. Re2+ Kf5 56. Kf3 Rd3+ 57. Kg2 Rd6 58. Kf3 Ke6 59. Ra2
Rd3+ 60. Kg2 Kf5 61. Ra4 Rd2+ 62. Kf3 Rd4 63. Ra8 Rd3+ 64. Kf2 Kg4 65. Ra6 Rf3+
66. Ke2 Rxg3 67. Rxg6+ Kxh4 68. Re6 Rg5 69. Kf3 Rf5+ 70. Ke4 Rf1 71. Rg6 Re1+
72. Kf3 e4+ 73. Kf2 Ra1 74. Ke3 Ra4 75. Kf4 Kh3 76. Rg1 h4 77. Rg7 Kh2 78. Ke3
h3 79. Kf2 Ra2+ 80. Ke3 Rg2 81. Ra7 Rg4 82. Kf2 Rg3 83. Kf1 Rf3+ 84. Ke2 Kg2
85. Rg7+ Rg3 0-1